00514nam a2200181 a 4500008004100000020001500041050001500056100001800071245004600089246002700135260002900162300002200191350000900213500004100222650000900263650003700272700002300309120416s1990 ||||||||||||||||| || u a0566070189 aHD 596 Rur aBuller, Henry10aRural developmentcedited by Henry Buller aproblems and practices aAldershotbAveburyc1990 avii, 249p. : ill. a0.00 aIncludes bibliographical references. aLAND aRURAL DEVELOPMENT--GREAT BRITAIN aWright, Susan, B.A